MARC details
| 000 -CABECERA |
| campo de control de longitud fija |
00961cam a2200289 a 4500 |
| 001 - NÚMERO DE CONTROL |
| campo de control |
000018764 |
| 005 - FECHA Y HORA DE LA ÚLTIMA TRANSACCIÓN |
| campo de control |
20200929165844.0 |
| 008 - DATOS DE LONGITUD FIJA--INFORMACIÓN GENERAL |
| campo de control de longitud fija |
740402s1972 xxc 000 d eng d |
| 020 ## - NÚMERO INTERNACIONAL ESTÁNDAR DEL LIBRO |
| Número Internacional Estándar del Libro |
0887706045 (cloth) |
| 020 ## - NÚMERO INTERNACIONAL ESTÁNDAR DEL LIBRO |
| Número Internacional Estándar del Libro |
0887706053 (peper) |
| 040 ## - FUENTE DE LA CATALOGACIÓN |
| Centro catalogador/agencia de origen |
DO-SdBNP |
| Lengua de catalogación |
spa |
| Centro/agencia transcriptor |
LC |
| Centro/agencia modificador |
BNPHU |
| 041 17 - CÓDIGO DE LENGUA |
| Código de lengua del texto/banda sonora o título independiente |
eng |
| Código de lengua original |
fre |
| Fuente del código |
Código de idioma MARC |
| 082 ## - NÚMERO DE LA CLASIFICACIÓN DECIMAL DEWEY |
| Número de clasificación |
842.914 |
| Número de documento/Ítem |
D814w |
| 049 ## - FONDOS LOCALES (OCLC) |
| Fondos de biblioteca |
BNGR |
| 100 1# - ENTRADA PRINCIPAL--NOMBRE DE PERSONA |
| Nombre de persona |
Dubé, Marcel, |
| Fechas asociadas al nombre |
1930- |
| 9 (RLIN) |
40277 |
| 240 10 - TÍTULO UNIFORME |
| Título uniforme |
Au retour des Oies Blanches. |
| Lenguaje de la obra |
Inglés |
| 245 14 - MENCIÓN DE TÍTULO |
| Título |
The white geese / |
| Mención de responsabilidad, etc. |
Marcel Dubé ; traducción e introducción Jean Remple. |
| 260 ## - PUBLICACIÓN, DISTRIBUCIÓN, ETC. |
| Lugar de publicación, distribución, etc. |
Toronto : |
| Nombre del editor, distribuidor, etc. |
New Press, |
| Fecha de publicación, distribución, etc. |
1972. |
| 300 ## - DESCRIPCIÓN FÍSICA |
| Extensión |
xi, 106 p. ; |
| Dimensiones |
21 cm. |
| 490 1# - MENCIÓN DE SERIE |
| Mención de serie |
New Drama |
| Designación de volumen o secuencia |
5 |
| 534 ## - NOTA SOBRE LA VERSIÓN ORIGINAL |
| Encabezamiento principal del original |
Título original en francés: |
| Mención de título del original |
Au Retour des Oies Blanches |
| 650 #4 - PUNTO DE ACCESO ADICIONAL DE MATERIA--TÉRMINO DE MATERIA |
| Término de materia o nombre geográfico como elemento de entrada |
Teatro francés |
| 9 (RLIN) |
5359 |
| 650 #4 - PUNTO DE ACCESO ADICIONAL DE MATERIA--TÉRMINO DE MATERIA |
| Término de materia o nombre geográfico como elemento de entrada |
Literatura francesa |
| Subdivisión cronológica |
SIGLO XX |
| 9 (RLIN) |
4232 |
| 700 1# - PUNTO DE ACCESO ADICIONAL--NOMBRE DE PERSONA |
| Nombre de persona |
Remple, Jean, |
| Término indicativo de función/relación |
trad. |
| 9 (RLIN) |
40486 |
| 830 #0 - PUNTO DE ACCESO ADICIONAL DE SERIE-TÍTULO UNIFORME |
| Título uniforme |
New Drama |
| Designación de volumen o secuencia |
5 |
| 9 (RLIN) |
40487 |
| 910 ## - DATOS DE OPCIÓN DEL USUARIO (OCLC) |
| Datos de opción del usuario |
Catalogación derivada / LC |